000 00431nam a2200157 i 4500
001 bg
100 1 _aSiołkowski, Bronisław.
245 0 _aZbiór zadań ze statyki i wytrzymałości materiałów /
_cB. Siołkowski, H. Holka, M. Malec.
260 _aBydgoszcz,
_c1983.
700 1 _aHolka, Henryk.
700 1 _aMalec, Mirosław.
040 _cBPK
041 _apol
942 _cKS
008 s pl f |000 0 pol
999 _c2060
_d2060
856 _uhttp://koha.tu.koszalin.pl/cgi-bin/koha/opac-detail.pl?biblionumber=2060
_yKatalog online BPK